000 00324nam a22001337a 4500
008 181025b xxu||||| |||| 00| 0 eng d
020 _a9781842770399
041 _aeng
080 _a321
100 _a31
101 _apol
245 _aAid Understanding International Development Cooperation
_cJohn.D
942 _2udc
_cBK
999 _c50915
_d50915